000 00577nam a2200181 i 4500
001 142512
003 ES-MaACL
005 20250907063112.0
007 t|
008 071005s1971 sp ||||1| spa d
100 1 _aVillalonga, Llorenç,
_d1897-1980
_9114975
245 1 0 _aDos "pastiches" proustianos /
_cLorenzo Villalonga ; [traducción José Zaforteza Delgado].
260 _a[Barcelona] :
_bAnagrama,
_c[1971]
300 _a61 p. ;
_c18 cm.
700 1 _aZaforteza Delgado, José.
_9117829
852 _aES-MaACL
_jC-46072
_bR.78470
999 _c142512
_d142512